| 000 | 00000nas 2200000za 4500 |
| 001 | 9.500541 |
| 003 | CaOODSP |
| 005 | 20221107132901 |
| 007 | cr ||||||||||| |
| 008 | 150406c20019999onc|| p o||||f| |0eng|d |
| 022 | |a1700-1323 |
| 040 | |aCaOODSP|beng |
| 041 | |aeng|afre |
| 043 | |an-cn--- |
| 086 | 1 |aYC32-PDF |
| 110 | 1 |aCanada. |bParliament. |bSenate. |bStanding Committee on Human Rights. |
| 210 | 0 |aProc. Standing Senate Comm. Hum. Rights |b(Online) |
| 222 | 0|aProceedings of the Standing Senate Committee on Human Rights |b(Online) |
| 240 | 10|aProceedings of the Standing Senate Committee on Human Rights (Online) |
| 245 | 10|aProceedings of the Standing Senate Committee on Human Rights |h[electronic resource] = |bDélibérations du Comité sénatorial permanent des droits de la personne. |
| 246 | 11|aDélibérations du Comité sénatorial permanent des droits de la personne |
| 260 | |aOttawa :|bSenate of Canada, |c2001- |
| 310 | |aIrregular |
| 362 | 1 |a37th Parliament, 1st session, issue no. 1 (May 1/May 7, 2001)-- |
| 515 | |aNumbering begins each session with issue no. 1. |
| 546 | |aText in English and French. |
| 792 | |tProceedings of the Standing Senate Committee on Human Rights |efre|w(CaOODSP)9.500542 |